|
|
|
|
| LEADER |
00618cam a2200145 7i4500 |
| 001 |
0000014351 |
| 005 |
20040820090000.0 |
| 090 |
0 |
0 |
|a CD 658.82025
|b TAI(TAIW)
|
| 245 |
0 |
0 |
|a Taiwan :
|b gifts & stationery industry :
|b gifts & stationery industry :
|b 2002-2003 :
|b gifts & stationery industry :
|b 2002-2003 :
|b the wrap on quality and value.
|
| 260 |
0 |
0 |
|a Taipei:
|b Taiwantrade,
|c 2002.
|
| 300 |
# |
# |
|a Electronic computer optical disc(CD-ROM).
|
| 650 |
0 |
0 |
|a Gifts --
|x Directories --
|z Taiwan
|
| 650 |
0 |
0 |
|a Stationery --
|x Directories --
|z Taiwan
|
| 651 |
0 |
0 |
|a Taiwan
|
| 999 |
|
|
|a CDR000299H
|b CD-ROM
|c AV Collection
|e Business Information Centre
|